000 00645nam a22001817a 4500
005 20251108164916.0
008 250721s2002 xx 000 0 ara d
082 1 4 _a346.043/عبي
100 1 _aالعبيدي، علي هادي
245 1 0 _aشرح أحكام قانون المالكين و المستأجرين في ضوء قضاء محكمة التمييز /
264 1 _aعمان :
_bالمركز القومي للنشر،
_c2002.
300 _a241ص
650 1 7 _aالقانون الخاص
650 1 7 _aقانون الإيجار و الإستئجار
650 1 7 _aالقانون المدني
942 _2ddc
_cBK
999 _c17224
_d17224